[Event "THA-ch 46th"]
[Site "Bangkok"]
[Date "2023.04.15"]
[Round "8"]
[White "Pantong, Tikampon"]
[Black "Maneeratanasak, Chanavuth"]
[Result "0-1"]
[WhiteElo "1533"]
[BlackElo "1634"]
[PlyCount "150"]
[EventDate "2023.04.12"]
[EventType "swiss"]
[EventRounds "9"]
[EventCountry "THA"]
[SourceTitle "CBM 213 Extra"]
[Source "ChessBase"]
[SourceDate "2023.05.31"]
[SourceVersion "1"]
[SourceVersionDate "2023.05.31"]
[SourceQuality "1"]

1. e4 c6 2. Nf3 d5 3. Nc3 d4 4. Ne2 c5 5. c3 Nc6 6. cxd4 cxd4 7. Qa4 Bd7 8. Nexd4 e5 9. Nxc6 Bxc6 10. Bb5 Bxb5 11. Qxb5+ Qd7 12. Qxe5+ Ne7 13. 0-0 f6 14. Qc3 Nc6 15. d4 Bd6 16. Qb3 Na5 17. Qd5 Qc7 18. e5 Be7 19. Bf4 f5 20. Rac1 Nc6 21. Qe6 Qd7 22. Qxd7+ Kxd7 23. d5 Nb4 24. d6 Bd8 25. Rfd1 Nc6 26. Nd4 Nxd4 27. Rxd4 Ke6 28. Bg3 g5 29. Re1 f4 30. Bxf4 gxf4 31. Rxf4 Rc8 32. b4 Rc2 33. a4 Rg8 34. h4 Rg6 35. g3 Rh6 36. Rf8 Bb6 37. Kg2 Kd7 38. Re4 Rd2 39. Rf7+ Ke6 40. Re7+ Kd5 41. Rf4 Re6 42. a5 Bd8 43. Rff7 Bxe7 44. dxe7 Kxe5 45. Rxh7 a6 46. e8Q Rxe8 47. Rxb7 Rf8 48. b5 Rfxf2+ 49. Kh3 Rd6 50. b6 Ra2 51. Rb8 Kd5 52. Ra8 Kc6 53. Rxa6 Rd3 54. Ra7 Raa3 55. Rc7+ Kd6 56. Rg7 Rxa5 57. b7 Rb3 58. Kg4 Rb4+ 59. Kh3 Ke6 60. Rc7 Rd5 61. Rg7 Kf6 62. Rc7 Re5 63. Rc6+ Kf7 64. Rc7+ Re7 65. Rc5 Rexb7 66. Rc8 Rb3 67. Rc6 Kg8 68. Rc8+ Kh7 69. Rc1 Rg7 70. Rg1 Kh6 71. Rg2 Kh5 72. Rg1 Rg4 73. Kh2 Rc3 74. Rg2 Rb4 75. Kh3 Rxh4# 0-1

[Event "THA-ch"]
[Site "Bangkok"]
[Date "2019.05.02"]
[Round "3"]
[White "Noppakun, Napat"]
[Black "Maneeratanasak, Chanavuth"]
[Result "0-1"]
[WhiteElo "1382"]
[BlackElo "1679"]
[PlyCount "88"]
[EventDate "2019.05.01"]
[EventType "swiss"]
[EventRounds "9"]
[EventCountry "THA"]
[SourceTitle "CBM 190 Extra"]
[Source "ChessBase"]
[SourceDate "2019.07.15"]
[SourceVersion "1"]
[SourceVersionDate "2019.07.15"]
[SourceQuality "1"]

1. d4 Nf6 2. Nf3 e6 3. Bf4 c5 4. e3 Nc6 5. c3 d5 6. Bd3 h6 7. Nbd2 a6 8. Ne5 Bd6 9. Bg3 Qc7 10. f4 b5 11. Bh4 b4 12. Qa4 Bb7 13. cxb4 cxd4 14. Rc1 Rc8 15. b5 Bxe5 16. fxe5 Qxe5 17. bxc6 Qxe3+ 18. Kd1 0-0 19. cxb7 Rxc1+ 20. Kxc1 Qxd3 21. Bg3 Ne4 22. Nxe4 dxe4 23. Rd1 Qe3+ 24. Kb1 d3 25. Re1 Qb6 26. Qxe4 d2 27. Rd1 f5 28. Qf3 g5 29. b8Q Rxb8 30. Bxb8 Qxb8 31. Rxd2 Kg7 32. Rd7+ Kg6 33. g4 Qxh2 34. gxf5+ exf5 35. Qc6+ Kh5 36. Rd1 Qe2 37. Qh1+ Kg4 38. Rd4+ f4 39. Qd1 Qxd1+ 40. Rxd1 f3 41. Kc2 f2 42. Kd2 Kf3 43. Rc1 g4 44. Rc3+ Kg2 0-1